10 Biggest and 10 Smallest US States in Area - Statistics

General Stats
  • This quiz has been taken 1,508 times
  • The average score is 18 of 20
Answer Stats
Square Miles Rank Answer % Correct
261,914 2 Texas
99%
570,374 1 Alaska
98%
155,973 3 California
98%
1,045 50 Rhode Island
97%
145,556 4 Montana
93%
121,365 5 New Mexico
90%
9,249 43 Vermont
90%
113,642 6 Arizona
89%
1,955 49 Delaware
89%
8,969 44 New Hampshire
89%
109,806 7 Nevada
87%
103,729 8 Colorado
86%
4,845 48 Connecticut
86%
7,418 47 Hawaii
86%
9,775 42 Maryland
85%
7,418 46 New Jersey
85%
97,105 9 Wyoming
84%
96,003 10 Oregon
79%
7,838 45 Massachusetts
78%
24,087 41 West Virginia
72%
No matching quizzes found
Score Distribution
Percent of People with Each Score
Percentile by Number Answered
Your Score History
You have not taken this quiz